Asthma bronchiale v dětství a v dospělosti /

Uložené v:
Podrobná bibliografia
Hlavní autori: Špičák, Václav, 1929- (Author), Vondra, Vladimír, 1934- (Author)
Médium: Kniha
Jazyk:Czech
Vydané: Praha : Avicenum, 1988
Vydanie:1. vyd.
Témy:
ISBN: (viaz.)
Fyzický popis: 299 s.
Tagy: Pridať tag
Žiadne tagy, Buďte prvý kto otaguje tento záznam!

MARC

LEADER 00000nam a2200000 a 4500
001 000198708
005 20061128141056.0
008 060420s1988 xr e 000 0 czeo
020 |a (viaz.) 
040 |a SVKKK  |b slo  |c SVKKK  |e AACR2 
041 0 |a cze 
044 |a xr  |c CZ 
100 1 |a Špičák, Václav,  |d 1929-  |4 aut 
245 1 0 |a Asthma bronchiale v dětství a v dospělosti /  |c Václav Špičák, Vladimír Vondra 
250 |a 1. vyd. 
260 |a Praha :  |b Avicenum,  |c 1988 
300 |a 299 s. 
655 7 |a príručky  |2 SVKKKPH 
700 1 |a Vondra, Vladimír,  |d 1934-  |4 aut 
998 |a BK 
090 |g SCKHL  |k Sklad Pribinova 2. posch.  |a III.151352  |j 780609  |i 2720011378  |s Absenčne 
090 |g SCKHL  |k Sklad Pribinova 2. posch.  |a III.151353  |j 780610  |i 2720453359  |s Absenčne 
090 |g SCKHL  |k Sklad Pribinova 2. posch.  |a III.151354  |j 780611  |i 198708-30  |4 Multiplikát  |s Vyradená